[Event "Box Hill op"]
[Site "Box Hill"]
[Date "2001.10.19"]
[Round "7.26"]
[White "Nincevic, Anton"]
[Black "Van Dijk, Devrim"]
[Result "1-0"]
[WhiteElo "1429"]
[BlackElo "1038"]
[PlyCount "71"]
[EventDate "2001.09.??"]
[EventType "swiss"]
[EventRounds "7"]
[EventCountry "AUS"]
[SourceTitle "EXT 2003"]
[Source "ChessBase"]
[SourceDate "2002.11.25"]
[SourceVersion "1"]
[SourceVersionDate "2002.11.25"]
[SourceQuality "1"]

1. Nf3 d5 2. e3 Nc6 3. Bb5 a6 4. Ba4 Bg4 5. h3 Bf5 6. d3 b5 7. Bb3 e6 8. a3 Nf6 9. 0-0 Bd6 10. Nh4 0-0 11. Qf3 Ne7 12. Re1 c6 13. Nc3 Bg6 14. Nxg6 Nxg6 15. e4 Ne5 16. Qe3 c5 17. exd5 exd5 18. Nxd5 Nxd5 19. Bxd5 Rb8 20. Qg5 Qxg5 21. Bxg5 h6 22. Bd2 c4 23. Bc3 Ng6 24. dxc4 bxc4 25. Bxc4 Rb6 26. Rad1 Rc8 27. Bb3 Bxa3 28. Bxg7 Kxg7 29. bxa3 Nh4 30. Rd4 Nf5 31. Rf4 Rc5 32. Rd1 Rd6 33. Rxd6 Nxd6 34. a4 f6 35. Rg4+ Kh8 36. Rg6 1-0